Loreto College Library, Kolkata
WEBOPAC (ONLINE PUBLIC ACCESS CATALOGUE)

A tale of two cities (Record no. 5305)

MARC details
000 -LEADER
fixed length control field 00547nam a2200193Ia 4500
005 - DATE AND TIME OF LATEST TRANSACTION
control field 20250524082148.0
008 - FIXED-LENGTH DATA ELEMENTS--GENERAL INFORMATION
fixed length control field 131103s9999 xx 000 0 und d
040 ## - CATALOGING SOURCE
Original cataloging agency Loreto College
041 ## - LANGUAGE CODE
Language code English
082 ## - DDC | ডিউই
Classification number | বর্গসংখ্যা 823.8/DIC
Book Number | গ্রন্থাঙ্ক #NAME?
100 ## - MAIN ENTRY--PERSONAL NAME | মুখ্য সংলেখ - ব্যাক্তিনাম
Personal name | ব্যাক্তিনাম Dickens,Charles
245 #2 - TITLE STATEMENT | অাখ্যা বিবরণী
Title | অাখ্যা A tale of two cities
Statement of responsibility | লেখকের দায়িত্বের বিবরণ Charles Dickens;Edward Wagenknecht
260 ## - IMPRINT | প্রকাশনা ক্ষেত্র
Place of publication | প্রকাশ স্থান New York
Name of publisher | প্রকাশকের নাম The Modern Library
Date of publication | প্রকাশ কাল 1950
300 ## - PHYSICAL DESCRIPTION |
Page / Vol. No | পৃষ্ঠা / খন্ড সংখ্যা xxii,396 p.
440 ## - SERIES STATEMENT |গ্রন্থমালা
Series Title | গ্রন্থমালা অাখ্যা The Modern Library Of The World's Best Books
700 ## - ADDED ENTRY--PERSONAL NAME | অতিরিক্ত সংলেখ - ব্
Personal name | ব্যাক্তিনাম Wagenknecht,Edward
850 ## - HOLDING INSTITUTION
Holding institution LCLIB
942 ## - ADDED ENTRY ELEMENTS (KOHA)
Koha item type Books
Holdings
Withdrawn status Lost status Damaged status Not for loan Home library Current library Date acquired Total Checkouts Full call number Accession No. Date last seen Price effective from Koha item type
        Loreto College Loreto College 04/11/2013   823.8/DIC B5173 04/11/2013 04/11/2013 Books